00597nam a2200193Ia 450000500170000000800410001702000260005804000190008404100120010308200200011510000250013524501050016026000480026530000150031365000240032865100190035270000210037185000110039220221220105251.0140110s9999 xx 000 0 und d a9780521890472cRs 595 aLoreto College aEnglish a813.52bFIT-WES aFitzgerald, F. Scott aTrimalchiobAn early version of the Great GatsbycF. Scott Fitzgerald. Edited by James L.W. West III aCambridgebCambridge University Pressc2000 axxii,192p  aAmerican Literature aAmerican Novel aWest, James L.W. aLCLIB